Responses for Show #6211 - Monday, September 26, 2011

First game consolation prizes sponsored. Sponsor's name appears on podiums under prize totals at conclusion of game. (Sponsorship does not appear on reruns.)

Contestants

[<< previous game]

Ellen Mizio, a forensics researcher from Tampa, Florida

Matt Douma, a standardized test scorer from Minneapolis, Minnesota

Amit Kurlekar, an attorney from Oakland, California (whose 1-day cash winnings total $16,801)

[next game >>]

Jeopardy! Round responses

NOTIONS
50 YEARS AGO--1961
ALL IN THE FAMILY
ALSO A ZODIAC SYMBOL
FORBES' RICHEST PEOPLE 2011
(Alex: We want you to name the show. We'll give you the...)
TV CATCHPHRASES
    $200 26
Copernicus

Ellen
    $200 2
the Bay of Pigs

Amit
    $200 8
Uncle Sam

Ellen
    $200 21
(Alex: Yes, with a minute to go.)

a bull

Ellen
    $200 16
(Bill) Gates

Amit
    $200 1
The Bachelor

Matt
    $400 27
Newton

Matt
    $1,000 3
Amnesty International

Amit
    $400 9
Aunt Jemima

Amit
    $400 22
twins

Amit
    $400 17
Walmart

Matt
    $400 7
(Ellen: What is Welcome Back, Kotter?)

Happy Days

Ellen
Triple Stumper
    $600 28
[The end-of-round signal sounds.]

the domino theory

Amit
    $600 4
(Amit: What are women?)
(Matt: Who are 18-year-olds?)

citizens of Washington, D.C.

AmitMatt
Triple Stumper
    $600 10
The Godfather

Amit
    $600 23
RAM

Matt
    $600 18
Warren Buffett

Matt
    $600 13
The Daily Show

Matt
    $800 5
Eichmann

Ellen
    $800 11
Old Mother Hubbard

Amit
    $800 24
an archer

Amit
    $800 19
Koch

Matt
    $800 14
How I Met Your Mother

Matt
    $1000 6
(Matt: Who is John Glenn?)

Yuri Gagarin

Matt
Triple Stumper
    $1000 12
(Alex: And this was [*], working with the lepers in Hawaii.)

Father Damien

Triple Stumper
    $1000 25
a goat

Ellen
    $1000 20
Las Vegas

Triple Stumper
    $1000 15
Maude

Triple Stumper

Scores at the first commercial break (after clue 12):

Amit Matt Ellen
$2,400 -$1,400 $600

Scores at the end of the Jeopardy! Round:

Amit Matt Ellen
$4,400 $2,800 $2,000

Double Jeopardy! Round responses

NOTIONS
MOVIE TITLE SONGS
LOOK WHAT THE CAT SCAN DRAGGED IN
"PSYCH"!
U.S. BIRTHPLACES
A VISIT TO THE MET
(Alex: The talent and grandeur of America's premier opera house.)
    $400 21
buttons

Triple Stumper
    $400 11
"9 To 5"

Ellen
    $400 3
X-rays

Triple Stumper
    $400 1
psych up

Amit
    $400 14
San Diego

Matt
    $400 23
Anne Boleyn

Ellen
    $800 22
needles

Triple Stumper
    $800 12
"Live And Let Die"

Triple Stumper
    $800 4
lead

Amit
    $800 2
psychedelic

Matt
    $800 15
(Fort) McHenry

Amit
    $800 24
maestro

Matt
    $1200 26
ribbon

Ellen
    $1200 13
"The Crying Game"

Triple Stumper
    $1200 8
dye

Amit
    $1200 5
(Ellen: What is psychotherapy?)

psychoanalysis

MattEllen
    $1200 16
Dayton

Ellen
    $1200 25
Wagner

Ellen
    $2,000 27
(Ellen: What is a bobbin?)

a thimble

Ellen
    $1600 19
"Weird Science"

Ellen
    $1600 9
osteoporosis

Amit
    $1600 6
(Amit: What are psychic powers?)
...
(Alex: What is [*]? The ability to move things. I didn't know Jimmy had that talent. Whoa. I gotta watch out now.)

psychokinesis

Amit
Triple Stumper
    $1600 17
Rhode Island

Amit
    $1600 28
tour de force

Amit
    $2000 30
(Ellen: What are necklaces?)
(Alex: Nnnnnnnnn...)
(Ellen: What are neck rings?)
(Alex: No.)

beads

MattEllen
    $2000 20
"Snakes On A Plane"

Ellen
    $1,200 10
axial

Amit
    $2000 7
psychodrama

Triple Stumper
    $2000 18
Springfield

Amit
    $2000 29
Madame Butterfly

Triple Stumper

Scores at the end of the Double Jeopardy! Round:

Amit Matt Ellen
$14,000 $8,000 $4,800

[wagering suggestions for these scores]

Final Jeopardy! Round responses

FAMILIAR PHRASE ORIGINS
EllenWhat are swords?
$4,000
MattWhat are spurs?
$6,100
AmitWhat are gauntlets?
$2,001
spurs

Final scores:

Amit Matt Ellen
$11,999 $14,100 $800
2nd place: $2,000 New champion: $14,100 3rd place: $1,000

Game dynamics:

Coryat scores:

Amit Matt Ellen
$14,200 $8,000 $6,800
18 R
(including 2 DDs),
2 W
13 R,
2 W
12 R,
4 W
(including 1 DD)

Combined Coryat: $29,000

[game clues] [game scores] [suggest correction]

Game tape date: 2011-08-23
The J! Archive is created by fans, for fans. Scraping, republication, monetization, and malicious use prohibited; this site may use cookies and collect identifying information. See terms. The Jeopardy! game show and all elements thereof, including but not limited to copyright and trademark thereto, are the property of Jeopardy Productions, Inc. and are protected under law. This website is not affiliated with, sponsored by, or operated by Jeopardy Productions, Inc. Join the discussion at JBoard.tv.